Nové prístupy k využívaniu hmotnej zainteresovanosti pri chozrasčotnom hospodárení poľnohospodárskych podnikov

Bibliographic Details
Main Authors: Kaľavský, Michal (Author), Pataky, Jozef (Author)
Format: Article
Language:Slovak
Subjects:

MARC

LEADER 00000nab a2200000 a 4500
001 vtls000126655
003 SK-MaSNL
005 20260303032548.0
008 111031c1982 xo 0 slo
015 |a SNBRA19rr/mm-uuuuu 
035 |a CL0136760 
040 |a SNKBUCL  |b slo  |c SNKBUCL  |e AACR2 
041 0 |a slo 
044 |a xo  |c SK 
080 |a 631.1  |2 1981 
080 |a 331.2  |2 1981 
100 1 |a Kaľavský, Michal  |4 aut  |9 278228 
245 1 0 |a Nové prístupy k využívaniu hmotnej zainteresovanosti pri chozrasčotnom hospodárení poľnohospodárskych podnikov  |c Michal Kaľavský, Jozef Pataky 
650 0 7 |a poľnohospodárske podniky  |2 snkbucl  |9 4194 
650 0 7 |a chozrasčot  |2 snkbucl  |9 81150 
650 0 7 |a hmotná zainteresovanosť  |2 snkbucl  |9 83224 
655 7 |a články zo zborníkov  |2 snkbucl  |9 166140 
700 1 |a Pataky, Jozef  |4 aut  |9 5767 
773 0 |t Hlavné smery zdokonaľovania vnútropodnikového riadenia v poľnohospodárstve  |d Košice : Dom techniky ČSVTS, 1982 
850 |a Slovenská národná knižnica v Martine  |a MTA001 
852 |a SNK  |b KIS3GCP 
958 |a RK 
992 |a RZB 
999 |c 1665287  |d 1667217